Регионална библиотека "Любен Каравелов" - Русе

Ликвидирането на Русия (Запис номер 322736)

MARC детайли
000 -Лидер
Контролно поле с фиксирана дължина aam a22 a 4500
003 - Код на организацията, давaща контролен номер
Контролно поле BLK
005 - Дата и час на последна редакция
Контролно поле 20210510084118.0
008 - Елементи от данни с фиксирана дължина
fixed length control field 181012b bu ||||| |||| 00| 0 bu d
020 ## - Международен стандартен номер на книга ISBN
Международен стандартен номер на книга ISBN 978-954-26-1811-9
040 ## - Източник на каталожния запис
Идентификатор на билиотеката - собственик на записа BLK
041 ## - Код за език
Код за езика на текст/звукозапис или на отделно заглавие Български
Код за езика КДБФ Български
080 ## - УДК
Текстов определител УДК Социалистическа демокрация. Диктатура на пролетариата. Съветска форма на социалистическа държава. Народна демокрация
УДК код - определител по УДК 321.74
080 ## - УДК
Текстов определител УДК История на Русия и СССР. Вж и 936 ; 957
УДК код - определител по УДК 94(470)
УДК - код + определител 94(470)
100 1# - Редна дума - Автор
Автор Стариков, Николай Викторович
Авторска отговорност първи автор
R(LIN) 1299
139 ## - Редно поле
Редна дума Стариков, Николай Викторович
Авторски знак Стар - С 71
240 ## - Унифицирано заглавие
Унифицирано заглавие Ликвидация России
245 ## - Сведения за заглавието
Заглавие Ликвидирането на Русия
Подзаглавни данни Кой помогна на червените да победят в Гражданската война?
260 ## - Област на издателските данни
Име на издателя, разпространителя и проч. Хермес
Година на издаване 2018
9 (RLIN) 209439
Място на издаване, разпространение и проч. Пловдив
Печатница "Алианс Принт" ЕООД
300 ## - Физическа характеристика
Страници 400 с.
Размери/Мащаб 21 см
380 ## - Жанр
Жанр Обществени науки
500 ## - Общи забележки
Забележка Ориг. загл.: Ликвидация России / Николай Викторович Стариков<br/>Библиогр.: с. 395-398
650 #0 - Допълнително описание по предмет – тема
9 (RLIN) 390904
Основно описание – тема или топоним Чуждестранна военна интервенция и гражданска война в Русия - история
653 #7 - Ключова дума – ненормативна
9 (RLIN) 195884
Ключова дума Русия
653 #7 - Ключова дума – ненормативна
9 (RLIN) 195888
Ключова дума руска история
700 ## - Други автори (авторска отговорност)
9 (RLIN) 371006
Лично име Митева, Ива Николова
Автороска отговорност (Описва отношението между автора и произведението) прев. от рус.
Друга информация Николова, Ива Николова
700 ## - Други автори (авторска отговорност)
9 (RLIN) 639
Лично име Ана Цанкова
Автороска отговорност (Описва отношението между автора и произведението) компютърна обраб.
700 ## - Други автори (авторска отговорност)
9 (RLIN) 390420
Лично име Атанаска Парпулева
Автороска отговорност (Описва отношението между автора и произведението) кор.
700 ## - Други автори (авторска отговорност)
9 (RLIN) 1311
Лично име Атанасова, Даниела
Автороска отговорност (Описва отношението между автора и произведението) ред.
852 ## - Местоположение
Форматна сигнатура Цб 291827
Фондова буква Заемна - подръчен фонд
Систематично-азбучна сигнатура П 32/С 71
999 ## - СИСТЕМНИ КОНТРОЛНИ НОМЕРА
Koha biblionumber 322736
Koha biblioitemnumber 322736
942 ## - АРТИКУЛИ
Вид на библиотечния материал Книги
Източник на класификационната схема Universal Decimal Classification
Скрит в OPAC Не
Koha issues (borrowed), all copies 15
944 ## - СЪЗДАВАНЕ И РЕДАКЦИЯ на ЗАПИСА
Създаване/Редакция Редакция
Дата на регистрацията/редакция 2018-11-22
Служител, извършил регистрацията/редакцията Тони Тончев
Статус, дата на статуса 2018-11-22
999 ## - СИСТЕМНИ КОНТРОЛНИ НОМЕРА
Koha biblioitemnumber 322736
999 ## - СИСТЕМНИ КОНТРОЛНИ НОМЕРА
Koha biblioitemnumber 322736
999 ## - СИСТЕМНИ КОНТРОЛНИ НОМЕРА
Koha biblioitemnumber 322736
999 ## - СИСТЕМНИ КОНТРОЛНИ НОМЕРА
Koha biblioitemnumber 322736
999 ## - СИСТЕМНИ КОНТРОЛНИ НОМЕРА
Koha biblioitemnumber 322736
999 ## - СИСТЕМНИ КОНТРОЛНИ НОМЕРА
Koha biblioitemnumber 322736
Наличности
Код за отписване Код за изгубен артикул Източник на класификационната схема Код за повреда Коз за рестрикции Код за отдаване Артикулен № Име на библиотеката - собственик Име на библиотеката, в която се намира в момента Статус (Текущо местоположение) Дата на вписване в системата Местоположение - отдел Цена в лева Инвентарен номер Систематично азбучна сигнатура Баркод Цена в евро Служебен тип на артикула
  Не е изгубен Universal Decimal Classification Не е повреден без рестрикции заемане за дома 677075 Регионална библиотека "Любен Каравелов" Русе Регионална библиотека "Любен Каравелов" Русе Заемна - подръчен фонд 2018-06-01 Заемна - подръчен фонд 14.97 120000820765 П 32/ С 71 120000820765 7.65 Книги
  Не е изгубен Universal Decimal Classification Не е повреден без рестрикции ползва се в читалня 682619 Регионална библиотека "Любен Каравелов" Русе Регионална библиотека "Любен Каравелов" Русе Хранилище 2018-11-22 Хранилище 19.95   Цб 291827 120000825760 10.20 Книги
Vip Innovations Ltd, Rousse, Bulgaria 2025